000 00528nam a2200181Ia 4500
999 _c14502
_d14502
003 OSt
005 20201023131204.0
008 190216s9999||||xx |||||||||||||| ||und||
020 _a9788125925027
040 _coclc
082 _a956.94
_bLAP/J
100 1 _aLapierre, Dominique
_92043
245 0 _aO Jerusalem /
_cDominique Lapierre ; Larry Collins
260 _bVikas Publishing House,
_c2009.
_aNew Delhi:
300 _a739p
650 _aEnglish
942 _cBK
_2ddc
_h956.94
_iLAP/J
_k956.94
_mLAP/J